000 00899nas0a22002771i 4500
001 RU\NLR\DRGNLR\726
005 20240725030929.0
035 _a(NLR Aleph) 010309296
090 _a10631415
_c10631415
100 _a20080514b1915 u y0rusy50 ca
101 0 _arus
102 _aRU
110 _acya||||||||
200 1 _aВоенные новости
_eТелеграммы Петрогр. телегр. агентства. Экстр. вып.
_fРед.-изд. А.Петров
210 _aСамара
_d1915, 9 июня - [?]
540 1 _aВоенные новости
702 1 _aПетров
_bА.
_4340
801 0 _aRU
_bNLR
_c20080514
_gPSBO
_2gzdor_isis
801 2 _aRU
_bNLR
_c20080514
_gPSBO
_2rusmarc
852 _aNLR
_j1-Р/2-Са-32
942 _cNEWSPAPER
980 _aDRG